Les 20 joueurs avec le meilleur ratio de buts par match en pl au 21eme - Statistiques

Statistiques générales
  • Ce quiz a été pris 237 fois
  • Le résultat moyen est 14 sur 20
Statistiques - réponses
Buts par
match
Joueurs Pays % Correct
1,08 Erling Haaland Norvège
100%
0,59 Mohamed Salah Egypte
97%
0,42 Sadio Mané Sénégal
95%
0,68 Thierry Henry France
93%
0,44 Cristiano Ronaldo Portugal
92%
0,66 Harry Kane Angleterre
88%
0,49 Pierre-Emerick Aubameyang Gabon
88%
0,63 Luis Suarez Uruguay
87%
0,52 Zlatan Ibrahimovic Suède
86%
0,67 Sergio Aguero Argentine
85%
0,44 Romelu Lukaku Belgique
81%
0,51 Robin Van Persie Pays-Bas
75%
0,42 Wayne Rooney Angleterre
73%
0,63 Ruud Van Nistelrooy Pays-Bas
55%
0,42 Carlos Tevez Argentine
36%
0,46 Michael Owen Angleterre
36%
0,45 Jamie Vardy Angleterre
31%
0,50 Diego Costa Espagne
28%
0,43 Demba Ba Sénégal
25%
0,47 Ivan Toney Angleterre
9%
Aucun quiz correspondant
Distribution des résultats
% des personnes avec chaque résultat
Percentile par nombre de réponses
Votre historique - résultats
Vous n’avez pas pris ce quiz